Taylor Swift songs by letter - P & Q - Statistics

General Stats
  • This quiz has been taken 37 times
  • The average score is 4 of 6
Answer Stats
Hint Answer % Correct
P Paper Rings
93%
Q Question...?
93%
P Paris
68%
P peace
64%
P Peter
64%
P Picture To Burn
54%
No matching quizzes found
Score Distribution
Percent of People with Each Score
Percentile by Number Answered
Your Score History
You have not taken this quiz